| 000 | 00389 a2200169 4500 | ||
|---|---|---|---|
| 001 | 190023 | ||
| 020 | _a85-260-0276-7 | ||
| 040 | _cMagnum | ||
| 100 | _aBrandão, Ignácio de Loyola | ||
| 240 | 1 | 0 |
_aO homem que espalhou o deserto _lpor |
| 245 | 1 | 0 | _aO homem que espalhou o deserto |
| 300 | _a | ||
| 362 | 0 | _a2003 | |
| 440 | 1 | _aGlobal | |
| 697 | _aLITERATURA INFANTO | ||
| 942 | _cBK | ||
| 999 |
_c190023 _d190023 |
||